书目信息 |
| 题名: |
影视艺术与服装设计
|
|
| 作者: | 黄嘉曦 著 | |
| 分册: | ||
| 出版信息: | 长春 吉林美术出版社 2019 |
|
| 页数: | 305页 | |
| 开本: | 24cm | |
| 丛书名: | ||
| 单 册: | ||
| 中图分类: | J90 , TS941.2 | |
| 科图分类: | ||
| 主题词: | 影视艺术--ying shi yi shu , 服装设计--fu zhuang she ji | |
| 电子资源: | ||
| ISBN: | 978-7-5575-3561-2 | |
| 000 | 01059nam0 2200265 450 | |
| 001 | 012001007819 | |
| 005 | 20131021143741.0 | |
| 010 | @a978-7-5575-3561-2@dCNY78.00 | |
| 099 | @aCAL 012019036434 | |
| 100 | @a20190308d2019 em y0chiy50 ea | |
| 101 | 0 | @achi |
| 102 | @aCN@b220000 | |
| 105 | @aa z 000yy | |
| 106 | @ar | |
| 200 | 1 | @a影视艺术与服装设计@Aying shi yi shu yu fu zhuang she ji@f黄嘉曦著 |
| 210 | @a长春@c吉林美术出版社@d2019 | |
| 215 | @a305页@c图@d24cm | |
| 330 | @a本书对电影中的服装分类、电影服装在影片中的作用以及在影片中人物与服装的关系作了较为详细的论述, 对服装在电影艺术中所呈现出的画面效果和电影特效中服装的色彩及形式搭配等也作了概括的讲解, 而后对当下电影中的服装设计进行了大胆的创作构思, 对未来电影中的服装设计发展趋势进行了进一步的阐述, 概括性地总结了电影艺术中服装设计的作用和意义。 | |
| 606 | 0 | @a影视艺术@Aying shi yi shu |
| 606 | 0 | @a服装设计@Afu zhuang she ji |
| 690 | @aJ90@v5 | |
| 690 | @aTS941.2@v5 | |
| 701 | 0 | @a黄嘉曦@Ahuang jia xi@4著 |
| 801 | 0 | @aCN@b上海新华@c20191020 |
| 905 | @b1180276-9@dJ90@e368@f4 | |
| 影视艺术与服装设计/黄嘉曦著.-长春:吉林美术出版社,2019 |
| 305页:图;24cm |
| ISBN 978-7-5575-3561-2:CNY78.00 |
| 本书对电影中的服装分类、电影服装在影片中的作用以及在影片中人物与服装的关系作了较为详细的论述, 对服装在电影艺术中所呈现出的画面效果和电影特效中服装的色彩及形式搭配等也作了概括的讲解, 而后对当下电影中的服装设计进行了大胆的创作构思, 对未来电影中的服装设计发展趋势进行了进一步的阐述, 概括性地总结了电影艺术中服装设计的作用和意义。 |
| ● |
| 相关链接 |
|
|
|
|
正题名:影视艺术与服装设计
索取号:J90/368
 
预约/预借
| 序号 | 登录号 | 条形码 | 馆藏地/架位号 | 状态 | 备注 |
| 1 | 1180276 | 211802762 | 第一样本阅览室/ [索取号:J90/368] | 在馆 | |
| 2 | 1180277 | 211802771 | 第一借阅区/ [索取号:J90/368] | 在馆 | |
| 3 | 1180278 | 211802780 | 第一借阅区/ [索取号:J90/368] | 在馆 | |
| 4 | 1180279 | 211802799 | 第一借阅区/ [索取号:J90/368] | 在馆 |